00919nam a2200229 a 45000010008000000080041000080100013000490200015000620500016000771000021000932450086001142500012002002600050002123000026002624900057002885000051003456500026003967000024004229950094004469990017005409520132005574963359161028s1998 ||||||||||||||||| || u a97030382 a0132622882 aHF 5635 Kap aKaplan, Robert S10aAdvanced management accounting. (3rd ed.)cRobert S. Kaplan, Anthony A. Atkinson. a3rd ed. aUpper Saddle River, N.J.bPrentice Hallc1998 axviii, 798 p. : ill.  aThe Robert S. Kaplan series in management accounting aIncludes bibliographical references and index. 0aMANAGERIAL ACCOUNTING aAtkinson, Anthony A FCBU-MAIN LIBRARY (Kitwe)M1UAVAILABLEWOct 28, 2016ZMain Library Open Access Collection c33566d33566 00102lcc4070a001b001cMain Library Open Access Collectiond2022-11-30l0oHF 5635 Kapp747315r2022-11-30w2022-11-30y002